| 000 | 01034nas a2200313 4500 | ||
|---|---|---|---|
| 001 | BR2014003748 | ||
| 003 | BR-BrBNA | ||
| 005 | 20231205124134.0 | ||
| 007 | ta | ||
| 008 | 230509b bl.|||p| |||| 00| 00por d | ||
| 040 |
_aBR-BrBNA _bpor _cBiblioteca Nacional de Agricultura |
||
| 041 | _a(En) | ||
| 072 | _aL73 | ||
| 100 | 1 | _aTeixeira, R.S.C. | |
| 100 | 1 | _aCardoso, W.M. | |
| 100 | 1 | _aLopes, E.S. | |
| 100 | 1 | _aRocha e Silva, R.C. | |
| 100 | 1 | _aAlbuquerque, A.H. | |
| 100 | 1 | _aHorn, R.V. | |
| 100 | 1 | _aSalles, R.P.R. | |
| 245 | 1 | _aBacteriological investigation of microorganisms (Salmonella sp. and other enterobacteriaceae)in common quails (Coturnix coturnix)submitted to different forced-molting procedures | |
| 650 | _aCODORNA | ||
| 650 | _aSALMONELLA | ||
| 650 | _aIDENTIFICAÇÃO | ||
| 650 | _aCONTAMINAÇÃO | ||
| 773 | 0 |
_tBrazilian Journal of Poultry Science (Brazil) _xISSN 1516-635X _g(Jan-Mar 2013), v. 15(1) p. 47-52 _wBR2014003748 |
|
| 909 |
_a202311 _bLúcia _c55 _dLúcia Elande |
||
| 942 |
_2AGRIS _n0 _cANA |
||
| 999 |
_c237496 _d237496 |
||